000 00540nam a2200205Ia 4500
005 20230413135605.0
008 131103s9999 xx 000 0 und d
020 _a8275221607
_cRs.65.00
040 _aLoreto College
041 _aEnglish
082 _aTAG 891.443
_bTAG
100 _aTagore,Rabindranath
245 _aChokher bali
_cRabindranath Tagore
260 _aCalcutta
_bViswa Bharati Granthanbibhag
_c2003
300 _a242p.
650 _aBengali fiction
651 _aBengali literature
850 _aLCLIB
942 _cBK
999 _c37938
_d88417